header

Goddesses who rule (Record no. 23203)

MARC details
000 -LEADER
fixed length control field 01261nam a2200337Ia 4500
082 04 - DEWEY DECIMAL CLASSIFICATION NUMBER
Classification number 291.2/114
245 00 - TITLE STATEMENT
Title Goddesses who rule
260 ## - PUBLICATION, DISTRIBUTION, ETC. (IMPRINT)
Place of publication New York :
Name of publisher Oxford University Press,
Year of publication 2000.
300 ## - PHYSICAL DESCRIPTION
Number of Pages xii, 259 p. :
Other physical details ill.
650 #0 - SUBJECT ADDED ENTRY--TOPICAL TERM
Topical Term Goddesses.
Topical Term Queens
700 1# - ADDED ENTRY--PERSONAL NAME
Personal name Benard, Elisabeth Anne.
Personal name Moon, Beverly Ann.
856 40 - ELECTRONIC LOCATION AND ACCESS
Uniform Resource Identifier http://site.ebrary.com/lib/rucke/Doc?id=10269050

No items available.

© 2026 Rongo University
Contact us: librarian | system librarian | Rongo university